000 00850cam a2200301 i 4500
001 0000474
003 DO-SdBNP
005 20180207093122.0
007 0000474
008 100514s 2002 it | |||| 000 f spa
015 _a
017 _a
_b
020 _a8888405143
035 _a
040 _aBPMSU
_bspa
_cBPMSU
_e
080 _a
100 1 _aSerao, Matilde
_d1856-1927
245 1 3 _aEl vientre de Nápoles /
_cMatilde Serao ; traducción Nuria Pérez Vicente ; introducción Silvio Mignano
260 _aItalia:
_bArci solidarieta cesenate,
_c2002.
300 _a63 p.:
_c17 cm
490 1 _aUn mar de sueños
_v12
700 1 2 _aPérez Vicente, Nuria
_etrad.
700 1 2 _aMignano, Silvio
_eint.
830 0 _aUn mar de sueños
_n12
942 _2ddc
_cBK
945 _ainventariado, 2018 / dg
956 _aYLOCKWARD
_810
_cBPMSU
999 _c10685
_d10685